LEADER 01234nam a2200301 4500 001 000000343691 003 CaOOAMICUS 005 20210128103656.0 008 210112s2020 it 000 u ita r 020 $a978-88-17-14946-4 040 $aSeMil$bita 245 00$aCi baciamo a settembre /$ca cura di Marco Erba. 264 1$aMilano :$bRizzoli,$c2020. 300 $a203 p. ;$c22 cm 490 1 $aArgentovivo 500 $aIn copertina: diario sentimentale dal tempo senza scuola 541 0 $aOmaggio mons. Mario Delpini (3XA II 21) 650 4$aCovid-19 - Testimonianze.$0(OLS)http://semarc/subject/49662 700 1 $aErba, Marco,$d<1981- >,$ecuratore.$0(OLS)http://semarc/name/83293 830 0$aArgento vivo.$0(OLS)http://semarc/title/432718 850 $aSeMil 852 $aSeMil$W1$xVenegono$y1$m3XA II 21$j223882$B234722$CSeMilBibl$Z2$F234722 $81 941 1 $a7 961 $aOmaggio mons. Mario Delpini. -- Con dedica autografa del curatore (Marco Erba) 996 $6020$a978-88-17-14946-4$9(OLS)http://semarc/number/292030 996 $6245$aCi baciamo a settembre$9(OLS)http://semarc/title/432716 996 $6264$aMilano :$bRizzoli$9(OLS)http://semarc/publisher/29824 LEADER 00835nam a2200181 i 4500 001 000000025363 003 CaOOAMICUS 005 20180830125446.0 008 180830s1907 it u000 u ita u 040 $aSeMil$bita 100 1 $aMosso, Angelo,$d<1846-1910>.$0(OLS)http://semarc/name/11236 245 13$aLa Preistoria /$cdi Angelo Mosso. 260 $aMilano :$bFratelli Treves,$c1907. 300 $a3 v. ;$c24 cm. 774 0 $aMosso, Angelo <1846-1910>$tOrigini della civiltà mediterranea.$g2$w()205598 774 0 $aMosso, Angelo <1846-1910>$tEscursioni nel Mediterraneo e gli scavi di Creta.$bNuova Edizione con l'aggiunta di tre capitoli, di numerose incisioni, e d'una tavola a colori.$g1$w()205599 996 $6245$aLa Preistoria$9(OLS)http://semarc/title/15030 996 $6260$aMilano :$bFratelli Treves$9(OLS)http://semarc/publisher/30212